000 00736nam a2200217Ii 4500
003 JO-AjNU
008 230605s9999||||xx |||||||||||||| ||und||
017 _a1998/11/1891
040 _aJO-AjNU
_bara
_erda
_cJO-AjNU
041 _aara
050 1 4 _aK3238.A1.A8769 1999
100 3 _aعساف، نظام,
_eauthor
_946320
245 0 0 _aمدخل الى حقوق الأنسان في الوئائق الدولية والإقليمية والأردنية
250 _aط1
264 3 1 _aعمان: د.ن، 1999
300 _a553ص
_bيشتمل على ملاحق
336 _atext
_btxt
_2rdacontent
337 _aunmediated
_bn
_2rdamedia
338 _avolume
_bnc
_2rdacarrier
650 4 _aحقوق الانسان - قانون
_946321
999 _aA20141
_c23709
_d23709